Welcome to the Holygrace Academy Library

Please use search bar below to get started

MAGIC HAT (Record no. 2158)

MARC details
000 -LEADER
fixed length control field 00299nam a22001337a 4500
020 ## - INTERNATIONAL STANDARD BOOK NUMBER
ISBN 1-8442-2953-X
082 ## - DEWEY DECIMAL CLASSIFICATION NUMBER
Classification number 823
Item number REA/M
100 ## - MAIN ENTRY--AUTHOR NAME
Personal name READER COLIN
245 ## - TITLE STATEMENT
Title MAGIC HAT
Remainder of title LITTLE RED TRACTOR
260 ## - PUBLICATION, DISTRIBUTION, ETC. (IMPRINT)
Place of publication ITALY
Name of publisher LADY BIRD
300 ## - PHYSICAL DESCRIPTION
Number of Pages 29
650 ## - SUBJECT ADDED ENTRY--TOPICAL TERM
Topical Term ENGLISH SHORT STORY
Geographic subdivision ITALY
942 ## - ADDED ENTRY ELEMENTS (KOHA)
Koha item type Books
Holdings
Withdrawn status Lost status Collection code Home library Current library Shelving location Date acquired Source of acquisition Full call number Accession Number Koha item type
    Fiction Main Library Main Library SHELF 3-B- LADY BIRD STORY BOOKS 09/04/2014 PURCHASE 823 REA/M 08549 Books
    Fiction Main Library Main Library SHELF 3-B- LADY BIRD STORY BOOKS 13/05/2014 PURCHASE 823 REA/M 09005 Books
    Fiction Main Library Main Library SHELF 3-B- LADY BIRD STORY BOOKS 19/03/2015 PURCHASE 823 REA/M 09229 Books
    Fiction Main Library Main Library SHELF 3-B- LADY BIRD STORY BOOKS 09/05/2014 PURCHASE 823 REA/M 08788 Books